00237nam a2200097Ia 4500100001700000654002500017245003600042260003200078082001700110546001200127 aDickler/ H.  aGuide to foxpro 2.6. aProgrammers guide to Foxpro 2.6 bB.P.B. PubaNew Delhic1995 a005.13 'FOX' aENGLISH